Responses for Show #7800 - Friday, July 6, 2018

Contestants

[<< previous game]

Lauren Kiehna, a writer from Steeleville, Illinois

Beth Feest, a social studies teacher from Franksville, Wisconsin

Marilyn Maher, an administrative specialist from Athens, Ohio (whose 1-day cash winnings total $14,401)

[next game >>]

Jeopardy! Round responses

WRITERS ON SPORTS
FRENCH TOASTS
BY THE NUMBERS
SCENE OF THE RHYME
RAIDING
THE FRIDGE
    $200 2
Michael Jordan

Marilyn
    $200 11
good luck

Lauren
    $200 17
1 and 0

Lauren
    $200 1
Rome

Marilyn
    $200 18
the Red Scare

Beth
    $200 16
freezer

Marilyn
    $400 7
(Marilyn: Who is Rocky Balboa?)

Rocky Marciano

MarilynLauren
    $400 12
bottoms up

Lauren
    $400 23
(Beth: What is a unibrow?)

a five-head

BethLauren
    $400 3
Spain

Lauren
    $400 19
abolitionists

Triple Stumper
    $400 24
a crisper

Lauren
    $600 8
Ted Williams

Lauren
    $600 13
to your health

Lauren
    $1,000 28
the 13th Amendment

Lauren
    $600 4
Ohio

Beth
    $600 20
Janet Reno

Lauren
    $600 25
Energy Star

Lauren
    $800 9
Joe Louis

Triple Stumper
    $800 14
vive la France

Lauren
    $800 29
the Gang of Four

Triple Stumper
    $800 5
Baltimore

Triple Stumper
    $800 21
the Marines

Triple Stumper
    $800 26
wine

Lauren
    $1000 10
Jim Brown

Triple Stumper
    $1000 15
[Applause for Lauren running the category.]

congratulations

Lauren
    $1000 30
(Marilyn: What is a battalion?)

a division

MarilynLauren
    $1000 6
Atlantic City

Lauren
    $1000 22
the Gulf of Tonkin Resolution

Beth
    $1000 27
Maytag

Triple Stumper

Scores at the first commercial break (after clue 15):

Marilyn Beth Lauren
$0 $600 $5,400

Scores at the end of the Jeopardy! Round:

Marilyn Beth Lauren
-$800 $1,400 $10,400

Double Jeopardy! Round responses

ALL IN THE OLD TESTAMENT FAMILY
ADJECTIVES FOR YOUR CAT
U.S. GEOGRAPHY
UN-BELIEVABLE
PARENTHETICAL SONG TITLES
IMMIGRANTS
    $400 2
Noah

Beth
    $400 26
spoiled

Beth
    $400 7
Idaho

Lauren
    $400 17
(Marilyn: What are the 1920s?)

the 1930s

MarilynLauren
    $400 1
"Satisfaction"

Beth
    $400 12
Democratic Republic of Congo

Marilyn
    $800 3
Seth and Abel

Beth
    $800 27
long-haired

Lauren
    $2,000 8
Tallahassee

Lauren
    $800 18
nymph

Lauren
    $800 13
"Stronger"

Lauren
    $800 22
Mariel

Lauren
    $2,000 4
Miriam

Beth
    $1200 28
finicky

Beth
    $1200 9
Padre Island

Beth
    $1200 19
(Beth: Who is Schumann?)

Schubert

Beth
Triple Stumper
    $1200 14
"(We Salute You)"

Lauren
    $1200 23
yogurt

Lauren
    $1600 5
Joseph

Beth
    $1600 29
Grumpy Cat

Lauren
    $1600 10
Gettysburg

Beth
    $1600 20
unreliable

Lauren
    $1600 15
"(I Feel Good)"

Lauren
    $1600 24
(Marilyn: What is Belize?)
(Lauren: What is Nicaragua?)

El Salvador

MarilynLauren
Triple Stumper
    $2000 6
[Applause for Beth running the category.]

Absalom

Beth
    $2000 30
neurotic

Triple Stumper
    $2000 11
Utica

Triple Stumper
    $2000 21
the Arc de Triomphe

Beth
    $2000 16
"It's The End Of The World As We Know It"

Lauren
    $2000 25
Henry Kissinger

Beth

Scores at the end of the Double Jeopardy! Round:

Marilyn Beth Lauren
-$2,400 $15,800 $24,000

[wagering suggestions for these scores]

Final Jeopardy! Round responses

BUSINESS
(Alex: $7,400 in sales on their opening day, and now they're up to close to $10 billion a year.)
BethWhat is Valumart?
$8,201
LaurenWhat is QVC?
$7,601
QVC

Final scores:

Marilyn Beth Lauren
-$2,400 $7,599 $31,601
3rd place: $1,000 2nd place: $2,000 New champion: $31,601

Game dynamics:

Coryat scores:

Marilyn Beth Lauren
-$2,400 $15,000 $22,400
4 R,
4 W
15 R
(including 1 DD),
2 W
30 R
(including 2 DDs),
1 W

Combined Coryat: $35,000

[game clues] [game scores] [suggest correction]

Game tape date: 2018-03-06
The J! Archive is created by fans, for fans. Scraping, republication, monetization, and malicious use prohibited; this site may use cookies and collect identifying information. See terms. The Jeopardy! game show and all elements thereof, including but not limited to copyright and trademark thereto, are the property of Jeopardy Productions, Inc. and are protected under law. This website is not affiliated with, sponsored by, or operated by Jeopardy Productions, Inc. Join the discussion at JBoard.tv.